[Event "X Open Vitinia"]
[Site "Roma ITA"]
[Date "1998.03.??"]
[Round "?"]
[White "Quimi, Marco"]
[Black "Monteleone, Antonio"]
[Result "0-1"]
[WhiteElo "2225"]
[BlackElo "2165"]
[PlyCount "118"]
[EventDate "1998.03.21"]

1. e4 e6 2. d4 d5 3. e5 c5 4. c3 Nc6 5. Nf3 Bd7 6. dxc5 Bxc5 7. Bd3 Nge7 8. b4
Bb6 9. O-O Ng6 10. Re1 Qc7 11. Qe2 O-O 12. b5 Na5 13. h4 Nc4 14. h5 Ne7 15. a4
h6 16. Nbd2 Nxd2 17. Bxd2 f6 18. Be3 Bxe3 19. Qxe3 f5 20. Nd4 Rac8 21. Rec1 b6
22. f4 Qd8 23. Qf3 Rc7 24. Ra2 Qc8 25. Rac2 Qe8 26. c4 Qb8 27. g4 fxg4 28. Qxg4
Nf5 29. Bxf5 exf5 30. Qf3 dxc4 31. e6 Be8 32. Qd5 Rc5 33. Qf3 Qd8 34. Rxc4 Rxc4
35. Rxc4 Qh4 36. Kg2 Bxh5 37. Qg3 Qd8 38. Kh2 Qd5 39. Rc7 Qxd4 40. e7 Re8 41.
Rxa7 Qd2+ 42. Kg1 Qd1+ 43. Kh2 Qe2+ 44. Qg2 Rxe7 45. Rxe7 Qxe7 46. Qd5+ Qf7 47.
Qd8+ Kh7 48. Qxb6 Qa2+ 49. Kg1 Qxa4 50. Qc5 Qd1+ 51. Kf2 Qe2+ 52. Kg1 Qg4+ 53.
Kf2 Qxf4+ 54. Ke1 Qe4+ 55. Kd2 Be8 56. b6 Bc6 57. Kc3 f4 58. Qf8 f3 59. Qf7
Qe5+ 0-1

[Event "X Open Vitinia"]
[Site "Roma ITA"]
[Date "1998.03.??"]
[Round "?"]
[White "Ridolfi, Raffaele"]
[Black "Buffoni, Luca"]
[Result "1/2-1/2"]
[WhiteElo "1786"]
[BlackElo "1681"]
[PlyCount "94"]
[EventDate "1998.03.21"]

1. d4 e5 2. d5 f5 3. c4 Nf6 4. Nc3 Be7 5. Nf3 d6 6. g3 O-O 7. Bg2 Na6 8. O-O
Nc5 9. b3 Nce4 10. Bb2 Ng4 11. Nd2 Nxd2 12. Qxd2 f4 13. h3 Nh6 14. Kh2 Bg5 15.
Qd3 Bf5 16. Be4 Qf6 17. Bxf5 Nxf5 18. Ne4 fxg3+ 19. fxg3 Qh6 20. Nxg5 Qxg5 21.
Rf3 Rae8 22. e4 Nd4 23. Rff1 Qh5 24. Bxd4 exd4 25. Kg2 Qe5 26. Rxf8+ Rxf8 27.
Rd1 Re8 28. Qxd4 Qxe4+ 29. Qxe4 Rxe4 30. Kf3 Re5 31. Rd4 Kf7 32. Re4 Rf5+ 33.
Rf4 Rxf4+ 34. Kxf4 Kf6 35. h4 h5 36. g4 hxg4 37. Kxg4 Kg6 38. h5+ Kf6 39. Kf4
Kf7 40. Kf5 Ke7 41. b4 a6 42. a4 b6 43. b5 axb5 44. axb5 Kf7 45. Kg5 Ke7 46.
Kg6 Kf8 47. Kg5 Ke7 1/2-1/2

[Event "X Open Vitinia"]
[Site "Roma ITA"]
[Date "1998.03.??"]
[Round "?"]
[White "Ridolfi, Raffaele"]
[Black "Chiaretti, Roberto"]
[Result "0-1"]
[WhiteElo "1786"]
[BlackElo "2180"]
[PlyCount "86"]
[EventDate "1998.03.21"]

1. d4 Nf6 2. c4 e6 3. Nc3 Bb4 4. Qc2 O-O 5. a3 Bxc3+ 6. Qxc3 b6 7. Nf3 Bb7 8.
g3 d6 9. Bg2 Nbd7 10. O-O c5 11. dxc5 bxc5 12. b4 Ne4 13. Qc2 Qc7 14. b5 a6 15.
Nd2 Nxd2 16. Qxd2 Bxg2 17. Kxg2 Ne5 18. Qc3 axb5 19. cxb5 Qb7+ 20. f3 Qxb5 21.
Kf2 Nc4 22. Rd1 Ra4 23. Bf4 d5 24. Rdb1 Qa6 25. Bc1 h6 26. Ra2 Ra8 27. Rba1 Rb8
28. Rc2 Rb5 29. e4 d4 30. Qd3 Ne5 31. Qd1 Rb3 32. f4 Nd3+ 33. Kg2 c4 34. e5
Qc6+ 35. Kg1 Qe4 36. Re2 Qf3 37. Rd2 Qe3+ 38. Kf1 Qe4 39. Kg1 Ne1 40. Re2 Nf3+
41. Kf2 Qf5 42. Kg2 g5 43. Rc2 Qxc2+ 0-1

[Event "X Open Vitinia"]
[Site "Roma ITA"]
[Date "1998.03.??"]
[Round "?"]
[White "Ridolfi, Raffaele"]
[Black "Piancatelli, Marco"]
[Result "0-1"]
[WhiteElo "1786"]
[BlackElo "1822"]
[PlyCount "146"]
[EventDate "1998.03.21"]

1. d4 Nf6 2. c4 c5 3. d5 e6 4. Nc3 exd5 5. cxd5 d6 6. e4 g6 7. f4 Bg7 8. Bb5+
Nfd7 9. a4 O-O 10. Nf3 Qc7 11. O-O a6 12. Bxd7 Nxd7 13. Re1 Re8 14. Qc2 Rb8 15.
a5 b5 16. axb6 Qxb6 17. Nd2 Qc7 18. b3 Nb6 19. Nc4 Nxc4 20. bxc4 Rb4 21. Ra4
Bxc3 22. Qxc3 Rxa4 23. Bb2 Re5 24. fxe5 dxe5 25. Rd1 Qd6 26. Ba3 f6 27. Rb1 Kf7
28. Qb3 Bd7 29. Qe3 Rxc4 30. Rc1 Rxc1+ 31. Qxc1 Kg7 32. Qxc5 Qxc5+ 33. Bxc5 f5
34. exf5 gxf5 35. Kf2 Kf6 36. g3 Bb5 37. Bb4 Bc4 38. d6 Ke6 39. Ke3 Bb5 40. Kf3
Bc6+ 41. Ke3 Bd7 42. Kd3 Kd5 43. Ke3 h5 44. Kd3 Bb5+ 45. Ke3 Kc4 46. Ba5 Kc5
47. Bc7 Bd7 48. Kd3 Kb5 49. Kc3 a5 50. Bd8 a4 51. Bf6 e4 52. Bd4 Kc6 53. Be5
Kd5 54. Bf4 Be8 55. Kd2 Kc4 56. Ke3 Kd5 57. Kd2 Bd7 58. Kc3 Be6 59. Kd2 a3 60.
Kc3 a2 61. Kb2 Kd4 62. Bd2 Kd3 63. Ba5 e3 64. d7 Bxd7 65. Kxa2 Kc2 66. Ka3 e2
67. Ka2 Kd1 68. Kb2 e1=Q 69. Bxe1 Kxe1 70. Kc3 Kf2 71. Kd4 Kg2 72. Ke5 Kxh2 73.
Kf4 Kg2 0-1

[Event "X Open Vitinia"]
[Site "Roma ITA"]
[Date "1998.03.??"]
[Round "?"]
[White "Ridolfi, Raffaele"]
[Black "Picciotti, Francesco"]
[Result "1/2-1/2"]
[WhiteElo "1786"]
[BlackElo "1600"]
[PlyCount "41"]
[EventDate "1998.03.21"]

1. d4 d5 2. c4 e6 3. Nc3 Be7 4. Nf3 Nf6 5. Bg5 h6 6. Bh4 O-O 7. e3 b6 8. cxd5
Nxd5 9. Bxe7 Qxe7 10. Rc1 Bb7 11. Be2 Rd8 12. Qc2 a5 13. O-O Na6 14. a3 Nxc3
15. Qxc3 Rac8 16. Qb3 Rd6 17. Rfd1 c5 18. Bxa6 Bxa6 19. dxc5 Rxd1+ 20. Qxd1
Rxc5 21. h3 1/2-1/2

[Event "X Open Vitinia"]
[Site "Roma ITA"]
[Date "1998.03.??"]
[Round "?"]
[White "Scacco, Mauro"]
[Black "De Carolis, Massimo"]
[Result "1-0"]
[WhiteElo "2050"]
[BlackElo "1705"]
[PlyCount "55"]
[EventDate "1998.03.21"]

1. e4 c5 2. Nf3 Nc6 3. Bb5 a6 4. Bxc6 dxc6 5. h3 Nf6 6. d3 Qc7 7. Be3 e5 8.
Nbd2 b5 9. O-O Be7 10. Nh2 O-O 11. f4 exf4 12. Bxf4 Bd6 13. Qf3 Bxf4 14. Qxf4
Qxf4 15. Rxf4 Be6 16. Nhf1 Rfd8 17. b3 Ne8 18. Ne3 Nc7 19. Raf1 a5 20. Nf5 Kf8
21. Nf3 Bxf5 22. Rxf5 Ne6 23. g4 Kg8 24. g5 c4 25. Ne5 cxd3 26. cxd3 Nxg5 27.
Rxg5 f6 28. Rxf6 1-0

[Event "X Open Vitinia"]
[Site "Roma ITA"]
[Date "1998.03.??"]
[Round "?"]
[White "Scacco, Mauro"]
[Black "Farina, Saverio"]
[Result "1-0"]
[WhiteElo "2050"]
[BlackElo "2200"]
[PlyCount "86"]
[EventDate "1998.03.21"]

1. e4 e6 2. d4 d5 3. Nc3 c5 4. exd5 exd5 5. Nf3 Nc6 6. dxc5 Nf6 7. Be3 Be7 8.
a3 a5 9. h3 O-O 10. Be2 Bf5 11. O-O Re8 12. Rb1 Qd7 13. b4 axb4 14. axb4 Rad8
15. b5 Na5 16. Nd4 Ne4 17. Nxe4 Bxe4 18. c6 bxc6 19. bxc6 Qd6 20. Bb5 Rc8 21.
Qg4 Qc7 22. Rfd1 Bf6 23. Qd7 Bxd4 24. Qxc7 Rxc7 25. Bxd4 Nxc6 26. f3 Bxc2 27.
Re1 Rxe1+ 28. Rxe1 Re7 29. Ra1 Nb8 30. Ra8 Rb7 31. Bc6 Rb1+ 32. Kh2 h6 33. Be5
Kh7 34. Rxb8 Rd1 35. Rd8 f6 36. Bb2 Rb1 37. Bd4 Kg6 38. Rxd5 Re1 39. h4 h5 40.
Kg3 Re2 41. Bb5 Re1 42. Bf2 Ra1 43. Be8+ Kh7 1-0

[Event "X Open Vitinia"]
[Site "Roma ITA"]
[Date "1998.03.??"]
[Round "?"]
[White "Scacco, Mauro"]
[Black "Monteleone, Antonio"]
[Result "1-0"]
[WhiteElo "2050"]
[BlackElo "2165"]
[PlyCount "71"]
[EventDate "1998.03.21"]

1. Nf3 d5 2. c4 c6 3. b3 Nf6 4. g3 Bg4 5. Bg2 dxc4 6. Bb2 cxb3 7. Qxb3 Qb6 8.
Qc2 e6 9. O-O Na6 10. Na3 Nb4 11. Qa4 Qa6 12. Qxa6 Nxa6 13. Nc4 Be7 14. h3 Bh5
15. g4 Bg6 16. Nfe5 O-O 17. h4 Be4 18. f3 Bd5 19. Rab1 Bxc4 20. Nxc4 b6 21. g5
Nd5 22. f4 Bc5+ 23. Kh1 Rfd8 24. Ne5 Rac8 25. f5 exf5 26. Rxf5 Ne7 27. Rxf7
Rxd2 28. Bh3 Rf8 29. Rxf8+ Kxf8 30. Rf1+ Ke8 31. Bc3 Rxe2 32. Ng4 Bb4 33. Bxg7
Re1 34. h5 Rxf1+ 35. Bxf1 Nc5 36. h6 1-0

[Event "X Open Vitinia"]
[Site "Roma ITA"]
[Date "1998.03.??"]
[Round "?"]
[White "Scacco, Mauro"]
[Black "Picciotti, Francesco"]
[Result "1-0"]
[WhiteElo "2050"]
[BlackElo "1600"]
[PlyCount "25"]
[EventDate "1998.03.21"]

1. e4 c5 2. Nf3 e6 3. d4 cxd4 4. Nxd4 a6 5. Bd3 Bc5 6. Nb3 Ba7 7. O-O Nc6 8.
Qg4 Kf8 9. Qg3 d6 10. Bf4 e5 11. Bg5 Nge7 12. Nc3 Be6 13. Rad1 1-0

[Event "X Open Vitinia"]
[Site "Roma ITA"]
[Date "1998.03.??"]
[Round "?"]
[White "Spano' Cuomo, Gaetano"]
[Black "Brunetti, Alessandro"]
[Result "1-0"]
[WhiteElo "1866"]
[BlackElo "1827"]
[PlyCount "75"]
[EventDate "1998.03.21"]

1. e4 e6 2. d4 d5 3. exd5 exd5 4. Nf3 Bd6 5. Bd3 Ne7 6. O-O O-O 7. c3 Bf5 8.
Bg5 f6 9. Bh4 Qe8 10. Be2 Ng6 11. Bg3 Nf4 12. Bxf4 Bxf4 13. Nh4 Bd7 14. Nd2 g5
15. g3 gxh4 16. gxf4 Bh3 17. Bh5 Qe7 18. Qf3 Bxf1 19. Qxd5+ Kh8 20. Kxf1 c6 21.
Qf3 Rg8 22. Ne4 Nd7 23. Re1 Qe6 24. b3 Qd5 25. c4 Qa5 26. Nc3 Rg7 27. Be8 Rd8
28. Re3 Qf5 29. h3 Qc2 30. Qh5 Qc1+ 31. Ke2 Rg1 32. Bxd7 Re1+ 33. Kf3 Rxe3+ 34.
fxe3 Qxc3 35. Bf5 Kg8 36. Qxh7+ Kf8 37. Be6 Rd7 38. Qg8+ 1-0

[Event "X Open Vitinia"]
[Site "Roma ITA"]
[Date "1998.03.??"]
[Round "?"]
[White "Spano' Cuomo, Gaetano"]
[Black "Franchi, Jose' Maria"]
[Result "1-0"]
[WhiteElo "1866"]
[BlackElo "1867"]
[PlyCount "65"]
[EventDate "1998.03.21"]

1. d4 Nf6 2. Nf3 g6 3. c4 Bg7 4. Nc3 O-O 5. e4 d6 6. Be2 e5 7. d5 Na6 8. O-O
Nc5 9. Qc2 a5 10. Be3 b6 11. a3 a4 12. Bxc5 bxc5 13. Nxa4 Nxe4 14. Bd3 Nf6 15.
Nc3 Nh5 16. Nd2 Nf4 17. Ne2 Nxd3 18. Qxd3 f5 19. Nc3 g5 20. f3 Qf6 21. g4 e4
22. fxe4 Qd4+ 23. Qxd4 Bxd4+ 24. Kg2 fxe4 25. Rxf8+ Kxf8 26. Nb5 Bxb2 27. Ra2
Be5 28. Nxc7 Ra4 29. Nb5 Bd7 30. Rc2 Bxb5 31. cxb5 Ra5 32. b6 Rxa3 33. b7 1-0

[Event "X Open Vitinia"]
[Site "Roma ITA"]
[Date "1998.03.??"]
[Round "?"]
[White "Spano' Cuomo, Gaetano"]
[Black "Scacco, Mauro"]
[Result "0-1"]
[WhiteElo "1866"]
[BlackElo "2050"]
[PlyCount "55"]
[EventDate "1998.03.21"]

1. d4 Nf6 2. c4 d6 3. Nc3 e5 4. d5 Be7 5. e4 O-O 6. Bd3 c6 7. Nge2 Na6 8. O-O
Nc5 9. Bc2 cxd5 10. exd5 a5 11. Ng3 g6 12. Be3 b6 13. Qd2 Ng4 14. Bxc5 bxc5 15.
h3 Bg5 16. Qe2 Nh6 17. Ba4 f5 18. Bc6 Ra7 19. Rae1 f4 20. Nge4 f3 21. Qd1 fxg2
22. Kxg2 Nf5 23. Nb5 Raf7 24. Kh1 Bh6 25. Qd3 Qh4 26. Ng3 Qxh3+ 27. Kg1 Nh4 28.
Qe4 0-1

[Event "X Open Vitinia"]
[Site "Roma ITA"]
[Date "1998.03.??"]
[Round "?"]
[White "Spano' Cuomo, Gaetano"]
[Black "Verrascina, Nicola"]
[Result "1-0"]
[WhiteElo "1866"]
[BlackElo "2145"]
[PlyCount "51"]
[EventDate "1998.03.21"]

1. d4 Nc6 2. e4 e5 3. d5 Nce7 4. c4 Nf6 5. Nc3 Ng6 6. Be3 Bb4 7. Bd3 O-O 8. Nf3
Bxc3+ 9. bxc3 d6 10. h3 b6 11. Qd2 a5 12. Bg5 h6 13. Be3 Ba6 14. g4 Qd7 15. g5
hxg5 16. Bxg5 Nh5 17. Nh4 Nxh4 18. Bxh4 Qa4 19. Qg5 Nf4 20. Rg1 Nxd3+ 21. Kd2
g6 22. Qh6 Ne1 23. Raxe1 Qxa2+ 24. Ke3 Qa3 25. Rxg6+ fxg6 26. Qxg6+ 1-0

[Event "X Open Vitinia"]
[Site "Roma ITA"]
[Date "1998.03.??"]
[Round "?"]
[White "Terreni, Fabio"]
[Black "De Carolis, Massimo"]
[Result "1/2-1/2"]
[WhiteElo "1708"]
[BlackElo "1705"]
[PlyCount "67"]
[EventDate "1998.03.21"]

1. e4 d6 2. d4 g6 3. Nc3 Nf6 4. h4 Bg7 5. f3 c5 6. dxc5 dxc5 7. Qxd8+ Kxd8 8.
Be3 b6 9. O-O-O+ Nbd7 10. Bb5 Kc7 11. Bxd7 Bxd7 12. e5 Ng8 13. Nd5+ Kc6 14. Bf4
e6 15. Nc3 Ne7 16. Rd6+ Kc7 17. Nge2 Rad8 18. Rhd1 Nf5 19. R6d3 Bc6 20. Rxd8
Rxd8 21. Rxd8 Kxd8 22. Kd2 Kc7 23. h5 gxh5 24. Ng3 Nxg3 25. Bxg3 h4 26. Bf4 a6
27. Ke3 Kd7 28. Ne4 Bxe4 29. Kxe4 f5+ 30. Kd3 Kc6 31. c4 Kd7 32. b3 a5 33. Bh2
Kc6 34. Bf4 1/2-1/2

[Event "X Open Vitinia"]
[Site "Roma ITA"]
[Date "1998.03.??"]
[Round "?"]
[White "Terreni, Fabio"]
[Black "Franchi, Jose' Maria"]
[Result "0-1"]
[WhiteElo "1708"]
[BlackElo "1867"]
[PlyCount "88"]
[EventDate "1998.03.21"]

1. e4 c5 2. Nf3 d6 3. d4 cxd4 4. Nxd4 Nf6 5. Nc3 a6 6. a4 e5 7. Nf3 h6 8. h3
Be7 9. Bc4 O-O 10. Be3 Nc6 11. Qe2 Qa5 12. O-O Be6 13. Bxe6 fxe6 14. Rfd1 d5
15. Bd2 d4 16. Nd5 Qc5 17. Nc7 Qd6 18. Nxa8 Rxa8 19. Be1 Qc5 20. c3 Nh5 21.
cxd4 Nxd4 22. Nxd4 exd4 23. e5 Nf4 24. Qe4 Rf8 25. Kh2 Qb6 26. Rab1 Rf5 27.
Qxd4 Qc6 28. f3 Nxg2 29. Kxg2 Qxf3+ 30. Kh2 Qe2+ 31. Kh1 Rf1+ 32. Qg1 Rxg1+ 33.
Kxg1 Bc5+ 34. Bf2 Qxf2+ 35. Kh1 Qg3 36. Rd2 Bf2 37. Rxf2 Qxf2 38. b4 Qf3+ 39.
Kh2 Qf4+ 40. Kg1 Qe3+ 41. Kh2 Qxe5+ 42. Kg1 Qd4+ 43. Kh2 e5 44. b5 Qxa4 0-1

[Event "X Open Vitinia"]
[Site "Roma ITA"]
[Date "1998.03.??"]
[Round "?"]
[White "Terreni, Fabio"]
[Black "Verrascina, Nicola"]
[Result "1/2-1/2"]
[WhiteElo "1708"]
[BlackElo "2145"]
[PlyCount "68"]
[EventDate "1998.03.21"]

1. e4 c5 2. Nf3 Nc6 3. d4 cxd4 4. Nxd4 Nf6 5. Nc3 e5 6. Nf3 Bb4 7. Bc4 O-O 8.
Bg5 Bxc3+ 9. bxc3 Qa5 10. O-O Nxe4 11. Qd3 Nxg5 12. Nxg5 e4 13. Nxe4 Ne5 14.
Qd5 Nxc4 15. Qxc4 d5 16. Qc5 Qxc5 17. Nxc5 b6 18. Nb3 Be6 19. f4 Rac8 20. Rf3
Bf5 21. Nd4 Be4 22. Re3 Rc4 23. Rb1 Ra4 24. Rb2 Rc8 25. Kf2 Rc5 26. Nb3 Rb5 27.
Ke1 f5 28. g3 Rc4 29. Kd2 a5 30. Kc1 a4 31. Nd2 Rxb2 32. Kxb2 Rc6 33. Nf3 Rh6
34. h4 Bxf3 1/2-1/2

[Event "X Open Vitinia"]
[Site "Roma ITA"]
[Date "1998.03.??"]
[Round "?"]
[White "Vannelli, Vittorio"]
[Black "Cellucci, Alessandro"]
[Result "0-1"]
[WhiteElo "1735"]
[BlackElo "1870"]
[PlyCount "36"]
[EventDate "1998.03.21"]

1. e4 e5 2. Nf3 f5 3. exf5 e4 4. Ne5 Nf6 5. Be2 Be7 6. d4 O-O 7. Nc3 d6 8. Nc4
Bxf5 9. O-O d5 10. Ne5 Nbd7 11. Bg5 c6 12. Nxd7 Qxd7 13. Bxf6 Rxf6 14. f3 e3
15. Bd3 Bd6 16. Bxf5 Qxf5 17. g4 Qf4 18. Qe2 Rh6 0-1

[Event "X Open Vitinia"]
[Site "Roma ITA"]
[Date "1998.03.??"]
[Round "?"]
[White "Vannelli, Vittorio"]
[Black "Marta, Daniele"]
[Result "0-1"]
[WhiteElo "1735"]
[BlackElo "1888"]
[PlyCount "123"]
[EventDate "1998.03.21"]

1. e4 e6 2. d4 d5 3. Nd2 Nf6 4. e5 Nfd7 5. Bd3 c5 6. c3 Nc6 7. Qg4 cxd4 8. cxd4
f5 9. exf6 Nxf6 10. Qh4 Bd6 11. Ne2 O-O 12. O-O e5 13. dxe5 Nxe5 14. Bc2 Qc7
15. Nd4 Bd7 16. Rd1 Rf7 17. Bb3 Raf8 18. N2f3 Ng6 19. Qg5 Bc6 20. Ne6 Ne4 21.
Nxc7 Nxg5 22. Nxg5 Rxf2 23. Be3 Re2 24. Bxd5+ Bxd5 25. Nxd5 Nh4 26. Rd2 Rxd2
27. Bxd2 Rf5 28. Rc1 Rxd5 29. Rc8+ Bf8 30. Bb4 Ng6 31. Ne6 Rf5 32. Nxf8 Nxf8
33. Rb8 b6 34. Ra8 a5 35. Bc3 Rd5 36. Rb8 Rd6 37. Rb7 Nd7 38. h3 g6 39. Kf2 Kf7
40. Ke3 Ke6 41. b4 axb4 42. Bxb4 Rc6 43. a3 h5 44. Be1 Ne5 45. Rb8 Nc4+ 46. Kf4
Nxa3 47. Kg5 Kd5 48. Rg8 Re6 49. Bb4 Nc2 50. Bf8 Ne1 51. g3 Nf3+ 52. Kf4 Ng1
53. h4 Ne2+ 54. Kg5 Nxg3 55. Rxg6 Re5+ 56. Kf6 Ne4+ 57. Kf7 b5 58. Rb6 Kc4 59.
Bg7 Rd5 60. Ke6 Nc5+ 61. Ke7 b4 62. Bf6 0-1

[Event "X Open Vitinia"]
[Site "Roma ITA"]
[Date "1998.03.??"]
[Round "?"]
[White "Vannelli, Vittorio"]
[Black "Verrascina, Roberto"]
[Result "0-1"]
[WhiteElo "1735"]
[BlackElo "2225"]
[PlyCount "96"]
[EventDate "1998.03.21"]

1. e4 Nf6 2. e5 Nd5 3. c4 Nb6 4. d4 d6 5. f4 dxe5 6. fxe5 c5 7. d5 e6 8. Nc3
exd5 9. cxd5 c4 10. Nf3 Bg4 11. Be2 Bb4 12. O-O O-O 13. d6 Nc6 14. Nd5 Bc5+ 15.
Kh1 Bxf3 16. Bxf3 Nxe5 17. Ne7+ Kh8 18. Bxb7 Rb8 19. Be4 Qxd6 20. Qxd6 Bxd6 21.
Nf5 Bc5 22. Bd2 Ng4 23. Bc3 f6 24. Nd4 Rfe8 25. Rae1 Rbd8 26. Bc6 Rxe1 27. Rxe1
Nf2+ 28. Kg1 Nd3 29. Re8+ Rxe8 30. Bxe8 Kg8 31. Kf1 Kf8 32. Bb5 Kf7 33. b3 Nc1
34. b4 Bf8 35. a4 Kg6 36. a5 Nd5 37. Be8+ Kg5 38. Ne6+ Kf5 39. Nxf8 Nxc3 40.
Bf7 Ne4 41. b5 c3 42. b6 axb6 43. axb6 c2 44. b7 Nd3 45. Be6+ Kg5 46. b8=Q
c1=Q+ 47. Ke2 Nf4+ 48. Kf3 Qc3+ 0-1

[Event "X Open Vitinia"]
[Site "Roma ITA"]
[Date "1998.03.??"]
[Round "?"]
[White "Verrascina, Nicola"]
[Black "Bertoni, Massimiliano"]
[Result "1-0"]
[WhiteElo "2145"]
[BlackElo "1803"]
[PlyCount "67"]
[EventDate "1998.03.21"]

1. d4 d5 2. c4 Nc6 3. Nc3 dxc4 4. Nf3 Nf6 5. e4 Bg4 6. Be3 e6 7. Bxc4 Bb4 8.
Qc2 O-O 9. Rd1 Qe7 10. Bg5 h6 11. Bh4 e5 12. O-O Bxc3 13. bxc3 exd4 14. cxd4
Qxe4 15. Bd3 Qd5 16. Bxf6 Bxf3 17. gxf3 gxf6 18. Be4 Qh5 19. Bxc6 bxc6 20. Qxc6
Kh7 21. Kh1 f5 22. Rg1 Rad8 23. Rg3 f4 24. Qe4+ f5 25. Qxf4 Rde8 26. Rc1 Re7
27. Rxc7 Rxc7 28. Qxc7+ Rf7 29. Qe5 Qh4 30. Qb8 Rg7 31. Rxg7+ Kxg7 32. Qxa7+
Kg6 33. Qb6+ Kg5 34. Qd8+ 1-0

[Event "X Open Vitinia"]
[Site "Roma ITA"]
[Date "1998.03.??"]
[Round "?"]
[White "Verrascina, Nicola"]
[Black "De Carolis, Massimo"]
[Result "1-0"]
[WhiteElo "2145"]
[BlackElo "1705"]
[PlyCount "35"]
[EventDate "1998.03.21"]

1. d4 Nf6 2. Bg5 d5 3. Bxf6 exf6 4. e3 Bd6 5. Bd3 O-O 6. Nd2 Nd7 7. Qh5 g6 8.
Qxd5 Nb6 9. Qf3 f5 10. Ne2 Rb8 11. h4 Bd7 12. h5 Bc6 13. Qh3 Qe7 14. a3 Be4 15.
hxg6 fxg6 16. Nxe4 fxe4 17. Bxe4 Rf7 18. Bxg6 1-0

[Event "X Open Vitinia"]
[Site "Roma ITA"]
[Date "1998.03.??"]
[Round "?"]
[White "Verrascina, Nicola"]
[Black "Farina, Saverio"]
[Result "1/2-1/2"]
[WhiteElo "2145"]
[BlackElo "2200"]
[PlyCount "127"]
[EventDate "1998.03.21"]

1. e4 e6 2. d4 d5 3. Nc3 c5 4. exd5 exd5 5. dxc5 Nf6 6. Be3 Be7 7. Nf3 Nc6 8.
Be2 O-O 9. O-O Bf5 10. Nd4 Bg6 11. a3 a5 12. Bf3 Ne5 13. b4 axb4 14. axb4 Rxa1
15. Qxa1 Nxf3+ 16. Nxf3 Bxc2 17. Qa7 Qc8 18. Nd4 Bd3 19. Rd1 Bc4 20. c6 Bxb4
21. cxb7 Qb8 22. Nc6 Qxa7 23. Bxa7 Bxc3 24. Ne7+ Kh8 25. b8=Q Rxb8 26. Bxb8 h6
27. Ba7 Be2 28. Rc1 Bb4 29. Nc6 Bd6 30. Nd4 Bc4 31. Nf5 Bf4 32. Be3 Bc7 33. Bd4
Kh7 34. Ne3 Bf4 35. Bxf6 gxf6 36. Rd1 Bxe3 37. fxe3 Kg6 38. Rd4 f5 39. g4 Bb3
40. Rb4 Bc2 41. Rb6+ Kg5 42. Rd6 fxg4 43. Rxd5+ f5 44. Kf2 h5 45. Rc5 Be4 46.
Rc8 h4 47. Rg8+ Kf6 48. Ke1 Bf3 49. Kd2 Be4 50. Kc3 Kf7 51. Rd8 Bf3 52. Kd4 Kg7
53. Ke5 g3 54. hxg3 h3 55. Rd2 Bg2 56. Kxf5 h2 57. Rd7+ Kf8 58. Rd1 h1=Q 59.
Rxh1 Bxh1 60. Kf6 Bf3 61. Kf5 Kg7 62. Kf4 Be2 63. g4 Bc4 64. g5 1/2-1/2

[Event "X Open Vitinia"]
[Site "Roma ITA"]
[Date "1998.03.??"]
[Round "?"]
[White "Verrascina, Nicola"]
[Black "Vannelli, Vittorio"]
[Result "1-0"]
[WhiteElo "2145"]
[BlackElo "1735"]
[PlyCount "99"]
[EventDate "1998.03.21"]

1. d4 Nf6 2. Bg5 e6 3. e4 Be7 4. Bd3 d5 5. Bxf6 Bxf6 6. e5 Be7 7. Qg4 Kf8 8.
Nd2 c5 9. c3 Nc6 10. Ngf3 c4 11. Bc2 Bd7 12. h4 f5 13. Qf4 Kg8 14. g4 fxg4 15.
Qxg4 Qf8 16. Rg1 Qf7 17. O-O-O Rf8 18. h5 h6 19. Rg2 Bg5 20. Nxg5 hxg5 21. Bg6
Qf4 22. Rdg1 Ne7 23. Qxg5 Qxg5 24. Rxg5 Rxf2 25. Bc2 Kf8 26. Nf1 Be8 27. Ng3 g6
28. Bd1 gxh5 29. Bxh5 Bxh5 30. Nxh5 Rg8 31. Rxg8+ Nxg8 32. Ng7 Ke7 33. Nxe6
Kxe6 34. Rxg8 Rf1+ 35. Kd2 Rf2+ 36. Ke3 Rxb2 37. Rg6+ Kf7 38. Rd6 Rc2 39. Rxd5
Rxc3+ 40. Ke4 Rh3 41. Rc5 Ke6 42. d5+ Kd7 43. Rxc4 Rh4+ 44. Kd3 Rh3+ 45. Kd4
Rh4+ 46. Kc5 b6+ 47. Kb5 Rh5 48. Re4 Kc7 49. Ka6 Rh2 50. a4 1-0

[Event "X Open Vitinia"]
[Site "Roma ITA"]
[Date "1998.03.??"]
[Round "?"]
[White "Verrascina, Roberto"]
[Black "Bertoni, Massimiliano"]
[Result "0-1"]
[WhiteElo "2225"]
[BlackElo "1803"]
[PlyCount "110"]
[EventDate "1998.03.21"]

1. d4 d5 2. Bg5 Nc6 3. c4 f6 4. Bh4 e6 5. e3 Nge7 6. a3 Nf5 7. Bd3 e5 8. cxd5
Qxd5 9. Nc3 Qf7 10. Bxf5 Bxf5 11. d5 Ne7 12. Nb5 Ng6 13. Bg3 Bd6 14. h4 O-O 15.
h5 Ne7 16. Nc3 Bd7 17. e4 f5 18. Nf3 f4 19. Ng5 Qe8 20. Bh4 h6 21. Nf3 Qxh5 22.
Kd2 Qe8 23. Bxe7 Qxe7 24. Qc2 c6 25. Nh4 Qg5 26. f3 Rac8 27. Qb3 Kh8 28. Kc1
cxd5 29. Qxd5 Rc6 30. Kb1 Qf6 31. Qd2 Be6 32. Nd5 Bxd5 33. Qxd5 g6 34. Ka2 Bc5
35. Rad1 Bd4 36. Rd2 Rd8 37. Qb3 Rb6 38. Qc4 Qg7 39. Kb1 Rc6 40. Qb5 Rdc8 41.
g3 Qc7 42. Qe2 Rc1+ 43. Rxc1 Qxc1+ 44. Ka2 g5 45. Nf5 Qc4+ 46. Qxc4 Rxc4 47.
gxf4 gxf4 48. Rh2 Rc6 49. Nxh6 Rg6 50. Ng4+ Kg7 51. Rh5 Rb6 52. b4 Re6 53. a4
a6 54. b5 axb5 55. axb5 Rb6 0-1

[Event "X Open Vitinia"]
[Site "Roma ITA"]
[Date "1998.03.??"]
[Round "?"]
[White "Verrascina, Roberto"]
[Black "Gaspero, Mario"]
[Result "1-0"]
[WhiteElo "2225"]
[BlackElo "1785"]
[PlyCount "81"]
[EventDate "1998.03.21"]

1. d4 Nf6 2. Bg5 Ne4 3. Bh4 c5 4. f3 Qa5+ 5. c3 Nd6 6. d5 Nf5 7. Bf2 g6 8. e4
Nd6 9. e5 Nf5 10. g4 Ng7 11. Na3 a6 12. Nc4 Qc7 13. a4 d6 14. exd6 exd6 15.
Qe2+ Be7 16. Bh4 Kd8 17. Bxe7+ Qxe7 18. Qxe7+ Kxe7 19. Bg2 Nd7 20. Kd2 Ne8 21.
Nh3 f6 22. Rhe1+ Kf7 23. Nf2 Ne5 24. Nb6 Rb8 25. Re2 Nd7 26. Nxc8 Rxc8 27. Rae1
Ne5 28. f4 Nc4+ 29. Kd3 b5 30. b3 Na5 31. axb5 axb5 32. Re7+ Kf8 33. Ra7 c4+
34. bxc4 bxc4+ 35. Kc2 Nb3 36. Ree7 Nc5 37. Bf1 h5 38. g5 f5 39. Bxc4 Ne4 40.
Nxe4 fxe4 41. Bb5 1-0

[Event "X Open Vitinia"]
[Site "Roma ITA"]
[Date "1998.03.??"]
[Round "?"]
[White "Verrascina, Roberto"]
[Black "Ortega, Lexy"]
[Result "0-1"]
[WhiteElo "2225"]
[BlackElo "2475"]
[PlyCount "98"]
[EventDate "1998.03.21"]

1. Nf3 d5 2. g3 c6 3. Bg2 Nf6 4. O-O Bf5 5. d3 e6 6. c3 Nbd7 7. Nbd2 a5 8. a4
h6 9. Re1 Bh7 10. b3 Be7 11. Bb2 O-O 12. Qc2 Re8 13. c4 Bb4 14. Bc3 Qb6 15. Qb2
Bxc3 16. Qxc3 e5 17. e4 dxe4 18. dxe4 Nc5 19. Nh4 Rad8 20. Nf5 Rd3 21. Qc2 Qb4
22. Rad1 Red8 23. Nf3 Bxf5 24. exf5 e4 25. Ne5 Rd2 26. Rxd2 Rxd2 27. Qb1 Qc3
28. Qa1 Qxa1 29. Rxa1 Nxb3 30. Rb1 Nc5 31. g4 Kf8 32. h4 Nfd7 33. Nxd7+ Rxd7
34. Kh2 Rd4 35. Bf1 Ke7 36. Kg3 Kf6 37. f4 exf3 38. Kxf3 h5 39. gxh5 Rxh4 40.
Kg3 Rxh5 41. Bh3 Ne4+ 42. Kg4 Rxf5 43. Rxb7 Nf2+ 44. Kg3 Nxh3 45. Kxh3 Rc5 46.
Ra7 g5 47. Ra8 Kf5 48. Kg3 f6 49. Ra6 Ke4 0-1

[Event "X Open Vitinia"]
[Site "Roma ITA"]
[Date "1998.03.??"]
[Round "?"]
[White "Verrascina, Roberto"]
[Black "Terreni, Fabio"]
[Result "1/2-1/2"]
[WhiteElo "2225"]
[BlackElo "1708"]
[PlyCount "132"]
[EventDate "1998.03.21"]

1. d4 g6 2. Nf3 Bg7 3. g3 Nf6 4. Bg2 d6 5. O-O O-O 6. c4 c6 7. Nc3 Nbd7 8. h3
h6 9. e4 c5 10. d5 a6 11. a4 Rb8 12. Qe2 Ne8 13. Ne1 Kh7 14. Bd2 Nc7 15. a5 b6
16. axb6 Rxb6 17. Na4 Rb8 18. Ba5 Rb7 19. Nd3 Qe8 20. f4 e5 21. dxe6 Nxe6 22.
Bc3 Nd4 23. Bxd4 Bxd4+ 24. Kh2 Rb8 25. Nc3 Nb6 26. Nd5 Nxd5 27. cxd5 Rb3 28.
Ra3 Rxa3 29. bxa3 f6 30. Rb1 Rf7 31. Ne1 Rb7 32. Rxb7+ Bxb7 33. Nc2 Bxd5 34.
Nxd4 cxd4 35. Qd3 Bb7 36. Qxd4 Qe7 37. Qa7 Qg7 38. Kg1 Bc8 39. Qxg7+ Kxg7 40.
Kf2 Kf7 41. Ke3 Ke6 42. Kd4 Bd7 43. Bf1 Bb5 44. Bxb5 axb5 45. g4 g5 46. f5+ Ke7
47. Kd3 Kd7 48. Kc3 Kc6 49. Kd4 Kc7 50. Kc3 Kc6 51. Kb2 d5 52. exd5+ Kxd5 53.
Kb3 Kc6 54. Kb4 Kb6 55. a4 bxa4 56. Kxa4 Ka6 57. Kb4 Kb6 58. Kc4 Kc6 59. Kd4
Kd6 60. Ke4 Kc5 61. Ke3 Kd5 62. Kd3 Kc5 63. Kc3 Kd5 64. Kb3 Kc5 65. Kc3 Kd5 66.
Kb4 Kd4 1/2-1/2